Southville International School and Colleges
Your cart is empty.
  • Cart
  • Lists
    Public lists Eva Luna New books Lux_list list_1
    Your lists Log in to create your own lists
  • Log in to your account
  • Your cookies
  • Search history
Southville International School and Colleges
  • Advanced search
  • Recent comments
  • Most popular
  • Libraries

Log in to your account

Log in with GOOGLE


If you do not have an external account, but do have a local account, you can still log in:

  1. Home
  2. MARC view: Designing documents /
Normal view MARC view ISBD view

Designing documents / (Record no. 425)

[ view plain ]
MARC details
000 -LEADER
fixed length control field 01035cam a2200349 a 4500
001 - CONTROL NUMBER
control field 12114898
003 - CONTROL NUMBER IDENTIFIER
control field OSt
005 - DATE AND TIME OF LATEST TRANSACTION
control field 20140310181628.0
008 - FIXED-LENGTH DATA ELEMENTS--GENERAL INFORMATION
fixed length control field 000721s2000 enka 001 0 eng d
010 ## - LIBRARY OF CONGRESS CONTROL NUMBER
LC control number 00698286
020 ## - INTERNATIONAL STANDARD BOOK NUMBER
International Standard Book Number 078945534X (pbk.)
035 ## - SYSTEM CONTROL NUMBER
System control number (OCoLC)ocm44546069
040 ## - CATALOGING SOURCE
Original cataloging agency UAG
Transcribing agency UAG
Modifying agency DLC
042 ## - AUTHENTICATION CODE
Authentication code lccopycat
050 00 - LIBRARY OF CONGRESS CALL NUMBER
Classification number Z52.5
Item number .W337 2000
082 00 - DEWEY DECIMAL CLASSIFICATION NUMBER
Classification number TR 004.02E
-- 22
Item number W33 2000
100 1# - MAIN ENTRY--PERSONAL NAME
Personal name Watson, John,
Dates associated with a name 1946 Apr. 5-
245 10 - TITLE STATEMENT
Title Designing documents /
Statement of responsibility, etc John Watson.
250 ## - EDITION STATEMENT
Edition statement 1st American ed.
260 ## - PUBLICATION, DISTRIBUTION, ETC. (IMPRINT)
Place of publication, distribution, etc New York, N.Y. :
Name of publisher, distributor, etc Dorling Kindersley Pub.,
Date of publication, distribution, etc c2000.
300 ## - PHYSICAL DESCRIPTION
Extent 72 p. :
Other physical details col. ill. ;
Dimensions 18 cm.
440 #0 - SERIES STATEMENT/ADDED ENTRY--TITLE
Title Essential computers.
Name of part/section of a work Word processing
500 ## - GENERAL NOTE
General note Includes index.
521 ## - TARGET AUDIENCE NOTE
Target audience note
541 ## - IMMEDIATE SOURCE OF ACQUISITION NOTE
-- 1
562 ## - COPY AND VERSION IDENTIFICATION NOTE
Number of copies 1
630 00 - SUBJECT ADDED ENTRY--UNIFORM TITLE
Uniform title Microsoft Word.
650 #0 - SUBJECT ADDED ENTRY--TOPICAL TERM
Topical term or geographic name as entry element Word processing.
906 ## - LOCAL DATA ELEMENT F, LDF (RLIN)
a 7
b cbc
c copycat
d 2
e ncip
f 20
g y-gencatlg
942 ## - ADDED ENTRY ELEMENTS (KOHA)
Source of classification or shelving scheme Library of Congress Classification
Koha item type
Call number prefix
Holdings
Withdrawn status Lost status Source of classification or shelving scheme Damaged status Home library Current library Shelving location Date acquired Total Checkouts Full call number Barcode Date last seen Copy number Price effective from Koha item type
    Library of Congress Classification   Luxembourg Library Luxembourg Library Teachers Reference Section 02/29/2012   Z 52.5 .W337 2000 11324 08/13/2013 1 10/03/2013 Books

Designing documents /

APA

Watson J., . (2000). Designing documents. New York, N.Y: Dorling Kindersley Pub.

Chicago

Watson John, . 2000. Designing documents. New York, N.Y: Dorling Kindersley Pub.

Harvard

Watson J., . (2000). Designing documents. New York, N.Y: Dorling Kindersley Pub.

MLA

Watson John, . Designing documents. New York, N.Y: Dorling Kindersley Pub. 2000.

  • Place hold
  • Print
  • Cite
  • Add to your cart (remove)
  • Save record
    BIBTEX Dublin Core MARCXML MARC (non-Unicode/MARC-8) MARC (Unicode/UTF-8) MARC (Unicode/UTF-8, Standard) MODS (XML) RIS
  • More searches
    Search for this title in:
    Other Libraries (WorldCat) Other Databases (Google Scholar) Online Stores (Bookfinder.com) Open Library (openlibrary.org)

Exporting to Dublin Core...

SOUTHVILLE LIBRARY

Southville International School and Colleges Library

1281 Tropical Ave. Cor. Luxembourg St., BF Homes International, Las Pinas City

Tel. No. 8256374 / 252358 Loc. 117/146

Powered by Koha